Effect of the environment on genotypic diversity of actinomyces naeslundii and streptococcus oralis in the oral biofilm /
Sparad:
| Övriga upphovsmän: | , , , , , , , |
|---|---|
| Materialtyp: | Artikel |
| Språk: | English |
| Ämnen: | |
| Taggar: |
Lägg till en tagg
Inga taggar, Lägg till första taggen!
|
| Thư viện lưu trữ: | Thư viện Trường Đại học Đà Lạt |
|---|
| LEADER | 01184nam a2200385 4500 | ||
|---|---|---|---|
| 001 | DLU090092893 | ||
| 005 | ##20091201 | ||
| 040 | # | # | |a DLU |b eng |
| 041 | # | # | |a eng |
| 044 | # | # | |a us |
| 245 | # | # | |a Effect of the environment on genotypic diversity of actinomyces naeslundii and streptococcus oralis in the oral biofilm / |c James S. Paddick ... [et al.]. |
| 653 | # | # | |a Actinomyces naeslundii |
| 653 | # | # | |a Bacteria |
| 653 | # | # | |a Biofilms |
| 653 | # | # | |a Genetic diversity |
| 653 | # | # | |a Micrococcales |
| 653 | # | # | |a Oral cavity |
| 700 | # | # | |a Alam, Sharmin. |
| 700 | # | # | |a Beighton, David. |
| 700 | # | # | |a Brailsford, Susan R. |
| 700 | # | # | |a Clark, Douglas T. |
| 700 | # | # | |a Gilbert, Steven C. |
| 700 | # | # | |a Kidd, Edwina A. M. |
| 700 | # | # | |a Killick, Zoe J. |
| 700 | # | # | |a Paddick, James S. |
| 773 | # | # | |t Applied and Environmental Microbiology |g Vol. 69, no. 11 (November 2003), p. 6475-6480 |
| 920 | # | # | |a Phòng Tạp chí -- Trung tâm Thông tin - Thư viện Trường Đại học Đà Lạt |
| 994 | # | # | |a DLU |
| 900 | # | # | |a True |
| 911 | # | # | |a Trương Bảo Trâm Anh |
| 925 | # | # | |a G |
| 926 | # | # | |a A |
| 927 | # | # | |a BB |
| 980 | # | # | |a Thư viện Trường Đại học Đà Lạt |